00430nam a2200157Ia 4500999001700000003000400017005001700021008004100038040000900079082001800088100002200106245004300128260005000171300000900221942004200230 c19533d19533OSt20200707140031.0190216s9999||||xx |||||||||||||| ||und|| coclc a951.05bMOU/M aMoulik, T K93620 0aMao's China: The Dilemma /cT K Moulik bSomaiya Publications Pvt Ltd.c1982.aBombay: a192p cBK2ddch951.05iMOU/Mk951.05mMOU/M